header

Racechanges (Record no. 211545)

MARC details
000 -LEADER
fixed length control field 01420nam a2200349Ia 4500
100 1# - MAIN ENTRY--AUTHOR NAME
Personal name Gubar, Susan,
245 10 - TITLE STATEMENT
Title Racechanges
260 ## - PUBLICATION, DISTRIBUTION, ETC. (IMPRINT)
Place of publication New York ;
-- Oxford :
Name of publisher Oxford University Press,
Year of publication 2000.
300 ## - PHYSICAL DESCRIPTION
Number of Pages xxiii, 327 p, [4] p. :
Other physical details ill. (some col.).
490 1# - SERIES STATEMENT
Series statement Race and American culture
650 #0 - SUBJECT ADDED ENTRY--TOPICAL TERM
Topical Term African Americans in popular culture.
Topical Term Blackface entertainers
Topical Term Arts, American
856 40 - ELECTRONIC LOCATION AND ACCESS
Uniform Resource Identifier http://site.ebrary.com/lib/rucke/Doc?id=10358411

No items available.

© 2026 Rongo University
Contact us: librarian | system librarian | Rongo university